Retirement Resources Inventory—Scale Assessment, Relationship to Retirement Satisfaction, Adjustment and a Meta-Analytical Review

Systematický prehľad psychometrických charakteristík, škál a skúmania metaanalytického vzťahu k úprave dôchodku, spokojnosti a validácii slovenským obyvateľstvom.

Guardado en:
Detalles Bibliográficos
Autor principal: Hanák, Róbert, 1979-
Otros Autores: Pitel, L.
Formato: Capítulo de libro
Lenguaje:inglés
Materias:
Etiquetas: Agregar Etiqueta
Sin Etiquetas, Sea el primero en etiquetar este registro!

MARC

LEADER 00000naa a2200000 4500
001 0291983
005 20240502083945.4
041 0 |a eng 
044 |a US 
245 1 0 |a Retirement Resources Inventory—Scale Assessment, Relationship to Retirement Satisfaction, Adjustment and a Meta-Analytical Review  |c Róbert Hanák, L. Pitel 
520 |a Systematický prehľad psychometrických charakteristík, škál a skúmania metaanalytického vzťahu k úprave dôchodku, spokojnosti a validácii slovenským obyvateľstvom. 
610 2 0 |a inventarizácia 
610 2 0 |a zdroje finančné 
610 2 0 |a dôchodok čistý 
610 2 0 |a dôchodok hrubý 
610 2 0 |a ratifikácia 
100 1 |a Hanák, Róbert, 1979- 
700 1 |a Pitel, L.